000 00928nas a2200289 4500
001 BR2013007343
003 BR-BrBNA
005 20231205122929.0
007 ta
008 230509b bl.|||p| |||| 00| 00por d
040 _aBR-BrBNA
_bpor
_cBiblioteca Nacional de Agricultura
041 _a(Pt)
072 _aP35; F04
100 1 _aBortolon, L.
100 1 _aGianello, C.
100 1 _aSchlindwein, J.A.
245 1 _aDisponibilidade de potássio para as plantas em solos do sul do Brasil estimada por métodos multielementares
650 _aSOJA
650 _aMILHO
650 _aFERTILIDADE DO SOLO
650 _aADUBAÇÃO
650 _aPOTÁSSIO
773 0 _tRevista Brasileira de Ciência do Solo (Brazil)
_xISSN 0100-0683
_g(Sep-Oct 2010), v. 34(5) p. 1753-1761
_wBR2013007343
856 4 0 _uhttp://www.scielo.br/pdf/rbcs/v34n5/27.pdf
909 _a202311
_bLúcia
_c55
_dLúcia Elande
942 _2AGRIS
_n0
_cANA
999 _c231314
_d231314